Competitive intelligence 2.0 (Record no. 67814)
[ view plain ]
| 000 -LEADER | |
|---|---|
| fixed length control field | 02223nam a2200325 a 4500 |
| 082 04 - DEWEY DECIMAL CLASSIFICATION NUMBER | |
| Classification number | 658.4/72 |
| 245 00 - TITLE STATEMENT | |
| Title | Competitive intelligence 2.0 |
| 260 ## - PUBLICATION, DISTRIBUTION, ETC. (IMPRINT) | |
| Place of publication | London : |
| Name of publisher | ISTE ; |
| Place of publication | Hoboken, N.J. : |
| Name of publisher | Wiley, |
| Year of publication | 2011. |
| 300 ## - PHYSICAL DESCRIPTION | |
| Number of Pages | xxiii, 372 p. : |
| Other physical details | ill. |
| 505 0# - FORMATTED CONTENTS NOTE | |
| Formatted contents note | Organisation -- Competitive intelligence 2.0 : a three-dimensional relationship -- Management 2.0 -- Sustainable development 2.0 : seeking for "the creation of shared values" -- Corporate education and web 2.0 -- Marketing 2.0 -- Innovation -- Parallax : a mindset 2.0 -- Competitive intelligence 2.0 tools -- Patent information 2.0, technology transfer, and resource development -- Industrial property : competitive weapon 2.0 (case study of Tenofovir) -- Innovation, serendipity 2.0, filing patents from biomedical -- Literature exploration -- Processing business news for detecting business innovation strategies -- Information property and liability in the 2.0 -- Territory and organisational reputation 2.0 -- Triple helix and territorial intelligence 2.0 -- Regional development 2.0 -- Government strategies of territorial intelligence 2.0 : support to SMEs-TPE -- University : catalyst for the implementation of competitive intelligence 2.0 in Africa (case study of Nigeria). |
| 650 #0 - SUBJECT ADDED ENTRY--TOPICAL TERM | |
| Topical Term | Business intelligence. |
| Topical Term | Information technology. |
| 700 1# - ADDED ENTRY--PERSONAL NAME | |
| Personal name | Quoniam, Luc. |
| 856 40 - ELECTRONIC LOCATION AND ACCESS | |
| Uniform Resource Identifier | http://site.ebrary.com/lib/rucke/Doc?id=10660570 |
No items available.
